| 000 | 00834nam a2200253 a 4500 | ||
|---|---|---|---|
| 999 |
_c12601 _d12601 |
||
| 001 | 12601 | ||
| 003 | BD-JhCC | ||
| 005 | 20221015084321.0 | ||
| 008 | 221015s20122019bg |||| |||| 000 0 ban d | ||
| 020 | _a9847012002476 | ||
| 035 | _a(BD-JhCC)12601 | ||
| 040 |
_aBD-JhCC _dBD-JhCC |
||
| 041 | _abeg | ||
| 082 |
_a928 _bJAS 2019 |
||
| 100 | _aজসীম, প্রত্যয় | ||
| 245 |
_aতাজউদ্দিন আহমদ / _cপ্রত্যয় জসীম |
||
| 260 |
_aঢাকা : _bকথাপ্রকাশ, _c২০১৯ |
||
| 300 |
_a৬২ পৃ. : _c২১ সেমি. |
||
| 490 | _aজীবনী গ্রন্থমালা | ||
| 504 | _aগ্রন্থপঞ্জি অন্তর্ভূক্ত। | ||
| 600 | _aAhmad, Tazuddin | ||
| 650 | _aBiography | ||
| 942 |
_2ddc _cBK |
||